| 000 | 01117nam a22003137a 4500 | ||
|---|---|---|---|
| 003 | OSt | ||
| 005 | 20110718134515.0 | ||
| 008 | 100406t xxu||||| |||| 00| 0 eng d | ||
| 020 | _a996600159X | ||
| 040 |
_aDNLM/DLC _cDLC _dDLC _dNEGST Library - Kenya |
||
| 050 | 0 | 0 |
_aRA 644.S3 _bS76 2007 |
| 060 | _aWC 11.1 F231b | ||
| 082 | 0 | 0 |
_a614.5/53 _220 |
| 100 | 1 |
_aStochholm, Peter. _93065 |
|
| 245 | 1 | 0 |
_aB'ilhazia = Bilharzia : _bKiwiilwana / _ctranslated by Fatuma Ali; edited by Jacob Njagi, Swaleh Hassan and Fatuma Ali; original text by Peter Stochholm. |
| 260 |
_aGarissa, Kenya : _bIlwana Language Development Programme, _c2007. |
||
| 300 |
_a18 p. : _bill. |
||
| 440 | 0 | _93067 | |
| 504 | _aCover title: Mammasa durhena bili. | ||
| 504 | _a"Kiwiilwana health booklet" - cover. | ||
| 504 | _aText in Kiwiilwana; preface in English. | ||
| 504 | _a[Africana]. | ||
| 650 | 0 |
_aSchistosomiasis _zKenya. _93069 |
|
| 650 | 0 |
_aKiwiilwana language _xTexts. _93071 |
|
| 700 | 1 |
_aAli, Fatuma. _93073 |
|
| 906 |
_a7 _bcbc _corignew _d1 _eocip _f19 _gy-gencatlg |
||
| 942 |
_2lcc _cBK |
||
| 999 |
_c45372 _d45346 |
||